Industrialización, Comercio Internacional y Desarrollo Económico

Saved in:
Bibliografiske detaljer
Hovedforfatter: Dominguez, Loreto S (Author)
Format: Bog
Sprog:spansk
Udgivet: Buenos Aires West 1960
Serier:Biblioteca del Desarrollo Económico
Fag:
Tags: Tilføj Tag
Ingen Tags, Vær først til at tagge denne postø!

MARC

LEADER 00000nam a2200000 a 4500
001 UCH5288
003 CL-VaPUC
008 091014e19600000AG |||||||||||||||||spa|d
082 0 4 |a 330  |b DOM  |2 21 
100 0 |a Dominguez, Loreto S  |e author  |9 541574 
245 1 0 |a Industrialización, Comercio Internacional y Desarrollo Económico 
300 |a 116 p 
942 |c BK 
945 |d 20091014 00:00:00  |a ccalabra 
260 |a Buenos Aires  |b West  |c 1960 
650 0 |a Economía   |9 255568 
650 0 |a Desarrollo económico  |9 259599 
650 0 |a Capitalismo  |9 255255 
650 0 |a Desarrollo sustentable  |9 333905 
650 0 |a Ciencias sociales   |9 256351 
650 0 |a Políticas económicas  |9 353940 
583 |a last modification  |c 20091014 00:00:00  |k Rodrigo Vera 
490 0 |a Biblioteca del Desarrollo Económico 
999 |c 336456  |d 336454